000 00298nam a22001457a 4500
003 SGT
020 _a9789360741921
082 _a691,DUG
100 _aDUGGAL,S,K
245 _aBUILDING MATERIALS
250 _a6TH
260 _aNEW DELHI
_bNEW AGE IP
_c2025
300 _a616
942 _2ddc
_cBK
_01
999 _c28486
_d28486